000 00823cam a22002411 4500
999 _c8968
_d8968
003 BD-JhCC
005 20180716191435.0
008 050820s1941 enk 000 0 eng
035 _a(BD-JhCC)
040 _aDLC
_cDLC
_dDLC
_dBD-JhCC
041 _aeng
050 0 0 _aPR85
_b.C26 1941
082 _bSAM 1941
_a820.9
100 1 _aSampson, George,
_d1873-1950.
245 1 4 _aThe concise Cambridge history of English literature /
_cby George Sampson.
260 _aCambridge [Eng.]
_bThe University press,
_c1941.
300 _axiv, 1094 p.
_c21 cm.
500 _a"Based on the fourteen volumes of The Cambridge history of English literature."--Pref.
650 0 _aEnglish literature
_xHistory and criticism.
730 0 _aCambridge history of English literature. [from old catalog]
942 _2ddc
_cBK